Gesammelte Klavier-Werke
| Main Author: | |
|---|---|
| Format: | Book |
| Language: | Undetermined |
| PhysicalDescription: | 21 s. |
| Published: |
Leipzig
Universal-Edition A. G.
|
MARC
| LEADER | 00000nam a2200000 a 4500 | ||
|---|---|---|---|
| 001 | vtls001304926 | ||
| 003 | SK-MaSNL | ||
| 005 | 20260301155703.0 | ||
| 008 | 240314suuuu xx 0 und | ||
| 035 | |a SNK000257140 | ||
| 040 | |a SNK |b slo |c SNK |e AACR2 | ||
| 100 | 1 | |a Liszt, Franz, |d 1811-1886 |4 aut |9 116780 | |
| 245 | 1 | 0 | |a Gesammelte Klavier-Werke |
| 260 | |a Leipzig |b Universal-Edition A. G. | ||
| 300 | |a 21 s. | ||
| 999 | |c 802239 |d 804169 | ||
| 952 | |t P60, <04>, [BOOK], {604} |a SNK |b SNK |y VYP |7 0 |p 17A0099373 |o snkHIB 10794 |0 0 |1 0 |4 0 |d 1997-10-02 |l 0 |r 2005-01-02 00:00:00 |w 2026-02-24 | ||


